000 00293nam a22001337a 4500
008 170913b xxu||||| |||| 00| 0 eng d
020 _a9780840062062
041 _aeng
080 _29 ED
_a53
100 _a43
101 _aFIZ
245 _aCOLLEGE PHYSICS
_c VUILLE.S
942 _2udc
_cBK
999 _c27434
_d27434